|
|
|
|
| LEADER |
00000nam a2200000 a 4500 |
| 001 |
vtls009153152 |
| 003 |
SK-MaSNL |
| 005 |
20260302042955.0 |
| 008 |
240318s2007 xr dl f 001 0 cze |
| 020 |
|
|
|a 9788087029152
|q (brož.)
|
| 040 |
|
|
|a SNK
|b slo
|c SNK
|e AACR2
|
| 041 |
0 |
|
|a cze
|
| 044 |
|
|
|a xr
|c CZ
|
| 072 |
|
7 |
|a 159.92
|x Vývinová psychológia. Psychológia osobnosti
|2 konspekt
|
| 080 |
|
|
|a 316.346.32-053.67
|2 2001
|
| 080 |
|
|
|a 159.942
|2 2001
|
| 080 |
|
|
|a 159.922.8
|2 2001
|
| 080 |
|
|
|a (048.8)
|2 2001
|
| 100 |
1 |
|
|a Michalčáková, Radka,
|d 1974-
|4 aut
|9 108260
|
| 245 |
1 |
0 |
|a Strachy v období rané adolescence
|c Radka Michalčáková
|
| 250 |
|
|
|a 1. vyd.
|
| 260 |
|
|
|a Brno
|b Barrister & Principal
|c 2007
|
| 300 |
|
|
|a 149 s.
|b grafy, tab.
|c 23 cm
|
| 490 |
1 |
|
|a Psychologie
|
| 504 |
|
|
|a Obsahuje bibliogr., bibliogr. odkazy
|
| 650 |
0 |
7 |
|a adolescenti
|2 SNKPH
|9 4892
|
| 650 |
0 |
7 |
|a strach
|2 SNKPH
|9 16907
|
| 650 |
0 |
7 |
|a psychológia adolescencie
|2 SNKPH
|9 254534
|
| 650 |
0 |
7 |
|a dospievajúca mládež
|2 SNKPHeng
|9 772
|
| 650 |
0 |
7 |
|a Fear
|2 SNKPHeng
|9 302874
|
| 650 |
0 |
7 |
|a Adolescent psychology
|2 SNKPHeng
|9 305777
|
| 655 |
|
7 |
|a štúdie
|2 SNKPH
|9 57033
|
| 655 |
|
7 |
|a Studies
|2 SNKPHeng
|9 265573
|
| 830 |
|
0 |
|a Psychologie (Barrister & Principal)
|9 404395
|
| 919 |
|
|
|a 978-80-87029-15-2
|
| 999 |
|
|
|c 1084913
|d 1086843
|
| 952 |
|
|
|t snkMIC 159.922.7
|a SNKUST
|b SNKUST
|y PREZ
|7 0
|p 17A0566574
|o snkIC 135697
|i snk2007/23828
|8 4
|g 9.79
|0 0
|1 0
|4 0
|d 2007-10-24
|l 0
|r 2025-03-19 00:00:00
|w 2026-02-24
|